[Event "DVM U20 2015"]
[Site "Osnabrück GER"]
[Date "2015.12.27"]
[Round "1"]
[White "Streichardt, Niklas"]
[Black "Merker, Konstantin"]
[Result "1/2-1/2"]
[Termination "normal"]
[Board "8.4"]
[WhiteElo "1870"]
[BlackElo "1801"]
[WhiteTeam "SV Empor Erfurt"]
[BlackTeam "TuS Coswig 1920"]
[PlyCount "90"]
[WhiteFideId "12962643"]
[BlackFideId "12964239"]
[EventCountry "GER"]
[EventRounds "7"]
[EventType "team-swiss"]
[EventDate "2015.12.26"]

1. e4 d5 2. exd5 Nf6 3. Nc3 Nxd5 4. Bc4 Nb6 5. Bb3 Nc6 6. Qf3 e6 7. Nge2 Na5 8.
d4 Nxb3 9. axb3 Be7 10. Be3 O-O 11. O-O Nd5 12. Ne4 Bd7 13. c4 Nxe3 14. fxe3
Bc6 15. Qf4 f5 16. Nd2 Bd6 17. Qf2 Rf6 18. c5 Be7 19. Nc4 b6 20. Ne5 Bb5 21. b4
a5 22. Qf3 Rc8 23. bxa5 bxc5 24. Nc6 Bxc6 25. Qxc6 e5 26. Qa4 cxd4 27. exd4 e4
28. Qc4+ Kh8 29. Nf4 c6 30. b4 Rd6 31. Rfd1 Bf6 32. Ne2 Rc7 33. Ra4 Rcd7 34. b5
cxb5 35. Qxb5 Bxd4+ 36. Nxd4 Rxd4 37. Raxd4 Rxd4 38. Rxd4 Qxd4+ 39. Kf1 Qd1+
40. Kf2 Qd2+ 41. Kf1 Qf4+ 42. Ke2 h6 43. Qc5 Qg4+ 44. Ke1 Qg6 45. Qc8+ Kh7
1/2-1/2

[Event "DVM U20 2015"]
[Site "Osnabrück GER"]
[Date "2015.12.27"]
[Round "1"]
[White "von Koslowski, Utz"]
[Black "Dietrich, Mareike"]
[Result "1/2-1/2"]
[Termination "normal"]
[Board "8.5"]
[WhiteElo "1954"]
[BlackElo "1740"]
[WhiteTeam "TuS Coswig 1920"]
[BlackTeam "SV Empor Erfurt"]
[PlyCount "126"]
[WhiteFideId "12964247"]
[BlackFideId "12902470"]
[EventCountry "GER"]
[EventRounds "7"]
[EventType "team-swiss"]
[EventDate "2015.12.26"]

1. Nf3 d5 2. d4 c6 3. g3 Nf6 4. Bg2 Bf5 5. O-O Nbd7 6. b3 e6 7. Bb2 Be7 8. Nbd2
O-O 9. c4 dxc4 10. Nxc4 Nb6 11. Nfd2 Qc7 12. e4 Bg6 13. Ne5 Rfd8 14. Nxg6 hxg6
15. Qe2 c5 16. dxc5 Bxc5 17. Rac1 Qe7 18. Nc4 Nxc4 19. Rxc4 Rac8 20. Rfc1 Rc7
21. Qc2 Rdc8 22. e5 Nd5 23. Qe2 b5 24. Bxd5 bxc4 25. Bxc4 Ba3 26. Bxa3 Qxa3 27.
Rd1 Qe7 28. Qd2 Qc5 29. Qf4 Qe7 30. Qd4 Qc5 31. Qf4 a5 32. Rd6 a4 33. Rxe6 Re7
34. Rxe7 Qxe7 35. Qg4 Rc6 36. e6 fxe6 37. Qxg6 Rd6 38. Qe4 axb3 39. Bxb3 Qf6
40. h4 Kf8 41. Kg2 Ke7 42. Qb7+ Rd7 43. Qc6 Rd6 44. Qc7+ Rd7 45. Qc5+ Rd6 46.
Ba4 Qd4 47. Qc7+ Kf6 48. Be8 Qd5+ 49. Kh2 e5 50. a4 Qe6 51. Bb5 Rd2 52. Qc5 Qe7
53. Qe3 Rd6 54. Bc4 Kf5 55. Qf3+ Kg6 56. Bd3+ Kh6 57. Qf5 g6 58. Qf3 Rf6 59.
Qe3+ Kg7 60. a5 Rc6 61. Be2 Qc5 62. Qf3 Rf6 63. Qb7+ Kh6 1/2-1/2